Los Determinantes y la gestión de la externalización en Cataluña : mundo local y mundo autonómico / Carles Ramió Matas, Miquel Salvador Serna, Oriol Garcia Codina mundo local y mundo autonómico / Carles Ramió Matas, Miquel Salvador Serna, Oriol Garcia Codina
ISBN:
978-84-95417-75-6
Descripción Física:
172 p. ; 24 cm
Colección:
Estudis ; 22
MARC
| LEADER | 00000nam a2200000Ia 4500 | ||
|---|---|---|---|
| 001 | 20473 | ||
| 008 | 160829s2007 xx 000 0 cat d | ||
| 020 | |a 978-84-95417-75-6 | ||
| 080 | |a M-6-40 | ||
| 100 | |a Ramió, Carles |9 22430 | ||
| 245 | |a Los Determinantes y la gestión de la externalización en Cataluña : |b mundo local y mundo autonómico / Carles Ramió Matas, Miquel Salvador Serna, Oriol Garcia Codina | ||
| 260 | |a Barcelona : |b Fundació Carles Pi i Sunyer d'Estudis Autonòmics i Locals, |c 2007 | ||
| 300 | |a 172 p. ; |c 24 cm | ||
| 490 | |a Estudis ; 22 | ||
| 590 | |a Referències bibliogràfiques a cada capítol | ||
| 650 | |a Contractació externa |x Catalunya |9 45715 | ||
| 650 | |a Contractes administratius |x Catalunya | ||
| 700 | |a Salvador, Miquel |9 45717 | ||
| 700 | |a Garcia Codina, Oriol |9 45718 | ||
| 901 | |a Arxiu | ||
| 942 | |n 1 | ||
| 952 | |0 0 |1 0 |4 0 |6 M640 |7 1 |9 52774 |a Arxiu |b Arxiu |d 2016-12-01 |l 0 |o M-6-40 |p 20473 |r 2016-12-01 00:00:00 |w 2016-12-01 |y ARXIU | ||
| 999 | |c 56623 |d 56623 | ||